19山梨県の市町村(選択形式) - Statistics

General Stats
  • This quiz has been taken 22 times
  • The average score is 21 of 27
Answers on the Map
Answers color-coded by a green-red scale on the quiz's map according to % correct below.
 
Answer Stats
Answer % Correct
20:道志村
94%
05:大月市
88%
08:北杜市
88%
01:甲府市
81%
04:山梨市
81%
09:甲斐市
81%
11:上野原市
81%
12:甲州市
81%
13:中央市
81%
15:早川町
81%
17:南部町
81%
21:西桂町
81%
22:忍野村
81%
23:山中湖村
81%
25:富士河口湖町
81%
03:都留市
75%
06:韮崎市
75%
07:南アルプス市
75%
10:笛吹市
75%
18:富士川町
75%
19:昭和町
75%
14:市川三郷町
69%
16:身延町
69%
24:鳴沢村
69%
26:小菅村
69%
27:丹波山村
63%
02:富士吉田市
56%
No matching quizzes found
Score Distribution
Percent of People with Each Score
Percentile by Number Answered
Your Score History
You have not taken this quiz